LEADER 01287nam a2200313 a 4500 001 000000159877 003 CaOOAMICUS 005 20170404105900.0 008 170404s2011 it u000 u ita r 020 $a978-88-568-3863-3* 032 $aLibriCat 040 $aPUL$bita 082 04$a158 100 1 $aIori, Vanna.$0(OLS)http://pul/name/52920 245 10$aGuardiamoci in un film : $bscene di famiglia per educare alla vita emotiva /$cVanna Iori. 260 $aMilano :$bFrancoAngeli,$c©2011. 300 $a191 p. ;$c23 cm. 490 1 $aVita emotiva e formazione ;$v07 504 $aBibliografia in nota. 650 4$aEmozioni$xPsicologia.$0(OLS)http://pul/subject/22116 830 0$aVita emotiva e formazione ;$v07.$0(OLS)http://pul/title/199506 850 $aPUL 852 $aPUL$W1$xSL Filosofia 3$y81$m158 IORVA 1$j183460$qDDC 21$B186666$CPULBib$Z2$F186666 $H129233 $81 941 1 $a9 996 $6020$a978-88-568-3863-3*$9(OLS)http://pul/number/162337 996 $6082$a158$9(OLS)http://pul/classification/2496 996 $6245$aGuardiamoci in un film : $bscene di famiglia per educare alla vita emotiva$9(OLS)http://pul/title/199505 996 $6260$aMilano :$bFrancoAngeli$9(OLS)http://pul/publisher/66898 LEADER 01151nam a2200289 u 4500 001 000000046311 003 CaOOAMICUS 005 20070226114747.0 008 990706s1994 it u000 u ita u 020 $a8871050332 035 $a10828879 040 $aPUL$bita 245 03$aLa responsabilitą politica della Chiesa /$cGiuseppe, Angelini ... [et al.]. 260 $aMilano :$bGlossa,$c1994. 300 $a119 p. ;$c21 cm 490 1 $aQuodlibet ;$v2 650 4$aDottrina sociale della Chiesa.$0(OLS)http://pul/subject/33229 700 1 $aAngelini, Giuseppe,$csac.,$d1940-$0(OLS)http://pul/name/13303 830 0$aQuodlibet ;$v2.$0(OLS)http://pul/title/23359 850 $aPUL 852 $aPUL$W1$xDP1 Cons. Gen., Altre Classi 1$y22$m43 L 41$j62110$nBK-PRI$b $qStampati$B62110$CPULBib$Z2$F62110 $H $81 941 1 $a8 960 $aDottrina sociale cristiana$933229 961 $aINV: 80070 996 $6020$a8871050332$9(OLS)http://pul/number/57758 996 $6245$aLa responsabilitą politica della Chiesa$9(OLS)http://pul/title/62404 996 $6260$aMilano :$bGlossa$9(OLS)http://pul/publisher/53656